Matar el nervio /

Spremljeno u:
Bibliografski detalji
Glavni autor: Pazos, Anna (autor)
Format: Knjiga
Jezik:španjolski
Izdano: Barcelona, España : Random House, 2023, c2023
Teme:
Oznake: Dodaj oznaku
Bez oznaka, Budi prvi tko označuje ovaj zapis!

MARC

LEADER 00000nam^a2200000^a^4500
001 000628657
005 20260219000000.0
009 20260310134117.454
020 |a 978-84-397-4174-9 
037 |a Acervo ITESO - Biblioteca 
041 |a ESP 
082 |a 860. 92  |b PAZ 
100 |a Pazos, Anna  |e (autor) 
245 1 0 |a Matar el nervio /  |c A. Pazos. 
264 4 |a Barcelona, España :  |b Random House,  |c 2023, c2023 
300 |a 189 p. 
336 |a texto  |b txt  |2 rdacontenido 
337 |a sin mediación  |b n  |2 rdamedio 
338 |a volumen  |b nc  |2 rdasoporte 
521 |a FIL 2025 DIA 
649 |a XX 
650 |a Escritores Catalanes -  |x Memorias 
650 |a Escritores Españoles -  |x Memorias 
650 |a Mujeres Catalanas -  |x Memorias 
650 |a Mujeres Españolas -  |x Memorias 
650 |a Memorias Catalanas 
650 |a Memorias Españolas 
650 |a Libros de Viaje Catalanes 
650 |a Libros de Viaje Españoles 
650 |a Literatura Catalana -  |y Siglo XXI 
650 |a Literatura Española -  |y Siglo XXI 
650 |a Literatura de Mujeres -  |z Cataluña, España 
650 |a Literatura de Mujeres -  |z España 
650 |a Literatura Autobiográfica -  |z Cataluña, España 
650 |a Literatura Autobiográfica -  |z España 
650 |a Viajes y Travesías -  |z Tesalónica, Grecia 
650 |a Viajes y Travesías -  |z Jerusalén, Israel 
650 |a Viajes y Travesías -  |z Nueva York, EUA (Ciudad) 
650 |a Pazos, Anna -  |x Tema Principal 
910 |a Fondo General 
920 |a Impresos - Libros 
930 |a Colección General 
940 |a Literatura 
905 |a 101 
901 |a 628657-10  |b IT1  |c LIT  |i C192840  |u 20260219 
902 |a https://opac.biblio.iteso.mx/vufind/Record/000628657